[Event "EU-ch 6th"]
[Site "Warsaw"]
[Date "2005.06.26"]
[Round "8"]
[White "Andreikin, Dmitry"]
[Black "Roiz, Michael"]
[Result "1-0"]
[WhiteElo "2495"]
[BlackElo "2579"]
[Annotator "Roiz,M"]
[PlyCount "85"]
[EventDate "2005.06.18"]
[EventType "swiss"]
[EventRounds "13"]
[EventCountry "POL"]
[SourceTitle "CBM 108"]
[Source "ChessBase"]
[SourceDate "2005.09.26"]
[SourceVersion "1"]
[SourceVersionDate "2005.09.26"]
[SourceQuality "1"]

1. e4 c5 2. Nf3 Nc6 3. Nc3 d6 {I have decided to play the sharp lines of
Rauzer, since after 3...e5 black has not many chances of seizing the
initiative.} 4. d4 cxd4 5. Nxd4 Nf6 6. f3 e5 7. Nb3 Be7 8. Be3 O-O ({Another
common line here is:} 8... Be6 9. Nd5 Bxd5 10. exd5 Nb4 {with a long
strategical struggle.} ({or} 10... Nb8)) 9. Qd2 a5 {A typical idea - black is
intending to disturb the Nb3, while after 10.a4 the Nc6 would get an excellent
spot ''b4''.} 10. Bb5 Be6 ({The alternative here is:} 10... Na7 11. Be2 ({or} 
11. Bd3 Nc6) 11... Nc6 {but according to the tournament situation,i had to
fight for a win,so i opted for a more sharp line.}) 11. O-O-O {Quite a rare,
but very interesting continuation. Like in the B90 lines, white intents to
push his king-side pawns by g2-g4, h2-h4, g4-g5 etc. However, black is
probably prepared well for the queen-side counterplay, so objectively white
shouldn't get any advantage.} ({There are some other possibilities:} 11. Rd1
Na7 12. Be2 Nc8 13. Qc1 Qc7 14. Nb5 Qc6 15. c4 Nb6 16. Nd2 Rfc8 17. O-O Nxc4
18. Bxc4 Bxc4 19. Qxc4 Qxc4 20. Nxc4 Rxc4 21. Nxd6 $14 {1-0 Morozevich,
A-Korotylev,A/Moscow RUS 2004 (64)}) (11. O-O Na7 12. Bd3 Nc8 13. Qf2 Nh5 14.
g3 Bg5 15. f4 $14 {1-0 Sadykov,R-Miton,K/Goa 2002/CBM 91 ext (43)}) (11. Nd5
Bxd5 (11... a4 $5) 12. exd5 Na7 13. Be2 a4 14. Nc1 b5 15. a3 Qb8 16. Na2 Bd8
17. Nb4 Bb6 18. O-O-O Rc8 19. Bxb6 Qxb6 20. g4 $14 {1-0 Shengelia,D-Ivanisevic,
I/Panormo 1998/CBM 67 ext (41)}) 11... Nb4 {A tempting idea, which I saw in
Ivanchuk's game against Fedorov.} ({Actually black's results after the
''normal''} 11... Na7 {are just excellent!} {In my opinion the best line for
white here is-->} 12. Be2 Nc8 13. a4 Nb6 14. g4 $132) 12. a3 d5 $1 {That is
the point of black's idea - white is not able to hold the material advantage.}
13. axb4 d4 14. Na4 $5 $146 {That leads to a serious simplifications.} (14.
Nxd4 exd4 15. Qxd4 Qxd4 16. Rxd4 (16. Bxd4 axb4 17. Nb1 Rfc8 $36) 16... axb4
17. Nb1 Rfc8 18. c4 bxc3 19. bxc3 Ra5 20. Be2 Bc5 $17 {0-1 Fedorov,A-Ivanchuk,
V/Moscow RUS 2005 (33)}) 14... Bxb3 {That was played after a long thought.} ({
The alternatives were:} 14... Bxb4 15. Qe2 Bxb3 16. cxb3 Qc7+ {-->14...Bxb3.
That trasposes to the game.}) (14... Qc7 $2 15. Nxd4 exd4 16. Bf4 $16) (14...
dxe3 {That tempting continuation deserved a lot of calculations. For instance,}
15. Qxe3 Qc7 16. Qb6 Rfc8 $1 {Only that move allows black to develop the
initiative.} ({After} 16... Rac8 $2 17. Qxc7 Rxc7 18. Nac5 axb4 (18... Rfc8 19.
Nxe6 Rxc2+ 20. Kb1 fxe6 21. bxa5 Rxg2 22. Rc1) 19. Nxe6 fxe6 20. Rd3 $16 {
white has a clear advantage in the endgame.}) 17. Qxc7 Rxc7 {however, after
the strongest:} 18. Nb6 $1 ({The attempt to exchange the important Be6 fails
to:} 18. Nbc5 Ba2 $3 {exploiting the vulnerablity of Nc5.} 19. Nb6 Ra7 20. Ncd7
axb4 21. Nxf6+ Bxf6 $15) 18... Bxb3 19. Nxa8 Rxc2+ 20. Kb1 Rxg2 21. Rc1 $1 (21.
Rdg1 $143 Rxg1+ 22. Rxg1 Bxb4 23. Rc1 g5 $132) 21... Bxb4 22. Rc8+ Bf8 23. Rc3
Be6 (23... a4 24. Nb6 $14) 24. Nc7 $14 {white's chances look better.}) 15. cxb3
Bxb4 16. Qe2 Qc7+ 17. Kb1 dxe3 18. Qxe3 {So, an equal middlegame has arised.}
Rad8 {Letting white so seize the ''c'' file.} ({There was nothing wrong with} 
18... Rac8 $5 19. Rc1 Qe7 $11) 19. Rc1 Qd6 {That move was connected with a
wrong idea of trading the queens.} ({I would prefer:} 19... Qe7 20. Rc2 Rd4 21.
Rhc1 Rfd8 $11 {and black has no problems.}) 20. Qb6 Qxb6 $2 {That allows white
to improve the placement of his knight. It is also important, that now black
has no real counterplay.} ({Much better was:} 20... Qd2 $142 {(the loss of Pb7
isn't significant)} 21. Rc2 Qg5 {[%cal Gd8d2]} 22. h4 (22. Rhc1 Rd2) 22... Qg3
$132 (22... Qf4 $5)) 21. Nxb6 Rd2 {That was the point of my idea. I tried to
force additional simplifications by attacking white's king-side pawns.} 22. g4
$1 {Very strong! Now black has also to deal with an idea of g4-g5, disturbing
the Nf6. At the same time, black has no time for exploiting the drawback of
white's pawn structure due to passivity of his pieces.} ({I have considered
only:} 22. Rc2 $6 Rxc2 23. Kxc2 Rd8 $11 {with an equal position.}) 22... Rf2 ({
After} 22... h5 23. g5 Nh7 24. h4 $36 {black's pieces are too passive.}) ({
Hardly better was also:} 22... Rfd8 23. Nc4 Rf2 24. Nxe5 $16 {and white is a
heavy pawn up.}) 23. g5 $1 {The most energetical.} ({The quiet} 23. Rcf1 Rxf1+
24. Rxf1 $14 {would give black some time for consolidation.}) 23... Nh5 24. Nd7
Re8 {The deficit of coordination between black's pieces is obvious, but white
is still has to play very energetically to profit from that.} (24... Rd8 25.
Nxe5 Nf4 26. Rhd1 $16) 25. Rhd1 $1 {An excellent resourse! The last white's
piece becomes very active, and black cannot parry a lot of threats.} h6 {
That move is connected with a sacrifice of exchange.} (25... Rxf3 26. Nxe5 $1 (
26. Nf6+ gxf6 27. Bxe8 fxg5 $132) 26... Rxe5 27. Rc8+ Bf8 28. Rdd8 h6 29. Be2
$1 Rh3 30. g6 $18) (25... Rxh2 26. Nxe5 Rf8 27. Rc7 $18 {[%cal Gb5c4]}) ({
Deserved attention:} 25... Rd2 $5 {swapping one pair of the rooks} 26. Rxd2 ({
The immediate} 26. Nxe5 $2 {allows black to survive after:} Rxd1 27. Bxe8 Rxc1+
28. Kxc1 Kf8 29. Bxf7 Bd6 30. Bxh5 Bxe5 $11) 26... Bxd2 27. Rc7 g6 28. Nf6+
Nxf6 29. gxf6 Rf8 30. Rxb7 Bg5 31. Ra7 Bxf6 32. Rxa5 Rb8 33. Bc4 Rb7 $16 {
the arising endgame is very hard for black, but his drawish chances cannot
understated.}) 26. gxh6 gxh6 ({Hopeless was:} 26... g6 27. Rd5 $18) 27. Nf6+ $1
({After} 27. Rd5 $6 f6 {black holds on.}) 27... Nxf6 28. Bxe8 Nxe8 (28... Rxf3
$2 29. Rc8 {[%cal Ge8d7]} Kh7 30. Bxf7 Nxe4 31. Rd7 $18) ({Deserved attention:
} 28... Rxh2 {although after} 29. Bd7 $1 $16 {white has a great advantage.} ({
but not} 29. Rc8 $6 Rg2 $1 30. Bc6+ Kg7 31. Bxb7 Rg3 $14)) 29. Rc8 Kf8 30. Rdd8
Rxf3 $2 {That is already a decisive mistake-the Pe5 falls,so black loses his
drawish chances.} ({At the same time,after the correct:} 30... Ke7 31. Rxe8+
Kf6 $16 {white should work very hard in order to convert his material
advantage to a full point.}) 31. Rxe8+ Kg7 32. Rxe5 $18 {Now the game is over.}
Rxb3 33. Rf5 {[%cal Gc8c7]} Re3 ({or} 33... Rh3 34. Rc2 $18) 34. Rc7 Rxe4 35.
Rcxf7+ Kg6 36. R7f6+ Kg7 37. Rb6 Re7 38. Rfb5 Re1+ 39. Ka2 Rh1 40. Rxb7+ Kg6
41. R7b6+ Kg7 42. Rh5 Bd2 43. Rd5 1-0

[Event "Blackpool op 28th"]
[Site "Blackpool"]
[Date "2004.03.16"]
[Round "4"]
[White "Rowson, Jonathan"]
[Black "Wells, Peter K"]
[Result "1-0"]
[WhiteElo "2548"]
[BlackElo "2497"]
[Annotator "Rowson,J"]
[PlyCount "97"]
[EventDate "2004.03.15"]
[EventType "swiss"]
[EventRounds "5"]
[EventCountry "ENG"]
[SourceTitle "CBM 100"]
[Source "ChessBase"]
[SourceDate "2004.06.01"]
[SourceVersion "1"]
[SourceVersionDate "2004.06.01"]
[SourceQuality "1"]

1. e4 c5 2. Nf3 Nc6 3. d4 cxd4 4. Nxd4 Nf6 5. Nc3 d6 6. f3 e5 (6... Nxd4 7.
Qxd4 g6 {is another attempt to take advantage of white's move order.}) 7. Nb3
Be7 (7... Be6 8. Nd5 Bxd5 9. exd5 Ne7 10. Bg5 $1 {favours White.}) 8. Be3 O-O (
8... Be6 9. Nd5 Bxd5 10. exd5 Nb4 11. c4 {is generally considered to be
slightly better for White but the unbalanced pawn structure gives winning
chances to both sides.}) 9. Qd2 a5 $5 {The best plan. As a rule, when Black
plays ...e5 in the sicilian he either wants to put his knight on c6 and play ..
.a5 when he is likely to gain an extra square to control d5(b4 if white plays
a4 and a5 if white allows a4), or put it on d7 and keep the pawn on a6(when
b5-b4 also competes for d5). However, such 'rules' are best kept locked up and
quiet in the unconscious rather than in a noisy rule book, where they, instead,
lock up our thoughts.} (9... Be6 10. Nd5 $1) 10. Bb5 Na7 11. Be2 (11. Bd3 $5 {
seems to be favoured by Short and Ivanchuk, but my impression is that Black is
fine in either case.}) 11... Nc6 (11... Be6 $5) 12. O-O a4 13. Nc1 Qa5 14. a3
$1 {[#] This is partly borne out of necessity- I will need to play b4 to get
my c1 knight into play and keep control of the game. However, I liked the fact
that the move also contains a prophylactic idea in that it prevents Black from
playing ...Nd4:} Be6 (14... Nd4 $5 15. Bxd4 exd4 16. Qxd4 d5 {trying to take
advantage of my weakened dark squares.} 17. b4 $1 {plugging the gaps.}) 15. b4
(15. Rd1 {I wanted to encourage Rfd8 before blocking the d-file with Nd5, but
I felt that Pete would probably play} Rfc8 {when the inclusion of the rook
moves seem to favour Black.} 16. b4 axb3 17. Nxb3 Qd8 $1 18. Qe1 Na5 {and
Black is very comfortable.}) 15... axb3 16. Nxb3 Qc7 17. Rfb1 $5 (17. Nb5 Qb8
18. c4 {looks more to the point, but I couldn't see anything convincing for
White after} Nd7 $1 19. Nc3 Nc5 20. Nxc5 dxc5 21. Nd5 Bd6 $1) 17... Rfc8 $1 18.
Nd5 (18. Nb5 Qd8 19. c4 Na5) 18... Bxd5 19. exd5 Nb8 $5 (19... Na5 20. Nxa5
Rxa5 (20... Qxa5 21. Qxa5 Rxa5 22. Rxb7 Nxd5 23. Bd2) 21. Bb6) ({I was more
concerned about the active} 19... Nd4 $5 {but it seems I misjudged the
following complications at the time, which are very much in White's favour.}
20. Nxd4 exd4 21. Qxd4 Qxc2 22. Bd3 Qc3 (22... Qc7 23. Bf5 Re8 24. Rb5 {
and White is in control.}) 23. Rxb7 Nxd5 24. Rc1 $1 Qxd4 25. Rxc8+ Rxc8 26.
Bxd4 Bf6 27. Bxf6 Nxf6 28. a4) 20. c4 Nfd7 {A logical move- controlling c5 and
freeing the f-pawn and the e7 bishop. However, I was much more concerned about}
(20... Ra4 $5 {which is a rather vague move in terms of Black's intentions,
but an extremely annoying move in terms of preventing White from gettin g on
with his own ideas; most of which include playing a4-a5.}) 21. a4 Na6 22. a5 g6
23. Ra2 $1 {The exclam is for patience. I wanted to get my rook to b5, but
there is nowhere sensible to put my b3 knight, which will probably want to
come back to b3 once my rook comes to b5. Hence, by playing Ra2-c2 I introduce
the possibility of playing c5, and thus encourage Black to play Nc5, which
solves my problem for me.} Bf6 (23... f5 {looks more conventional, but there
is no piece support for an attack on the kingside and Black might come to
regret weakening his light squares in this way.}) 24. Rc2 Nac5 (24... Bg7 25.
c5 Naxc5 26. Nxc5 Nxc5 27. Rb6 {This looks like some initiative for White,
which was probably enough to put Black off allowing c5. However, I am not sure
that I can really achieve much here.}) 25. Nxc5 Nxc5 26. Rb5 e4 27. f4 $1 {
[#] I was pleased with the decision to keep the position closed because I have
lost a few games in the past where I took a different decision at this
juncture. The value of the given move is primarily that I keep the e-file
closed and prevent Black from utlising the e4 square. As for 'opening up the
position for the two bishops', all I can say is that the vulnerable duo on e3
and e2 were quite happy that they wouldn't have a rook starting at them any
time soon.} Ra6 28. g3 $1 {After talking to my pieces, my king was the most
convincing- he will feel much safer on a light square, all the more so given
that White will probably have to take on c5 to make progress.} Rca8 (28... b6
$5 {I was a little nervous about this attempt to simplify the position, but at
this stage I think both of us were playing for a win. In any case, the game is
by no means dead after} 29. axb6 Rxb6 30. Ra2 {when I slightly prefer White.})
29. Ra2 Bg7 30. Kg2 $1 h5 $5 {A difficult moment for Black. There is a lot to
be said for ...f5 protecting e4 but on the other hand if I ever break through
with my rooks via b7- Black will sorely miss the f7 pawn.} (30... f5 31. Qb4)
31. Qb4 Qd8 $5 {Inviting the following transition. I didnt think it yielded
much, but it seemed like the logical consequence of the previous moves and I
wanted to create some pressure before Pete managed to reach the time control.}
32. Bxc5 dxc5 33. Qxc5 b6 34. Qe3 Rxa5 35. Rbxa5 Rxa5 36. Rxa5 bxa5 37. Qxe4 {
Black should be fine here, but he had less than a minute left to play three
moves and as well as being a pawn down he has to deal with the threat of f5.}
Qd6 $6 (37... Bf8 38. f5 Qe7 {is as good as equal.}) 38. f5 $1 {I could tell
that Pete had underestimated this move. There is no immediate threat, but ...
a4 is not possible due to Qe8 and Black has to do something before his flag
falls.} gxf5 $2 (38... Kf8 {seems to keep things together.}) 39. Qe8+ Bf8 40.
Bxh5 Qf6 41. c5 Kg7 42. c6 $1 (42. d6 f4 43. d7 Be7 {didn't seem so clear at
the time.} 44. Bf3 Bd8 $1 {and Black should hold.}) 42... Bd6 43. Qd7 $1 Qe5 (
43... a4 44. Bxf7 (44. c7 Bxc7 45. Qxc7 a3 46. Qa7 Qb2+ 47. Kh3 a2 48. Qxf7+
Kh8 49. Qf8+ Kh7 50. Qxf5+ Kh8 51. Qf8+ Kh7 52. Bg4 $1 {and mate follows.}))
44. Qxf7+ Kh8 45. Kh3 $1 {A nice move which prepares the decisive Bg6 which
would currently have been met with Qe4+} a4 46. Bg6 Qg7 47. Qe8+ $1 {The most
accurate- taking on g7 still gives black some hope of travelling to b2 with
his king and perpetually attacking my bishop on a2. Even if this doesn't work,
it is still worth preventing.} (47. Qxg7+ Kxg7 48. Bxf5 Kf6 49. Kg4 a3 50. Bb1
Ke5 51. Ba2 Kd4 52. h4 Kc3 53. h5 Kb2 54. h6 Kxa2 55. h7) 47... Bf8 (47... Qg8
48. Qxg8+ Kxg8 49. Bxf5 {In this case the extra tempo(king on g8, not g7) puts
the result beyond even the slightest doubt.}) 48. c7 Qh6+ 49. Bh5 1-0

[Event "Hoogeveen Unive Crown 16th"]
[Site "Hoogeveen"]
[Date "2012.10.26"]
[Round "5"]
[White "Hou, Yifan"]
[Black "Nakamura, Hikaru"]
[Result "1/2-1/2"]
[WhiteElo "2623"]
[BlackElo "2775"]
[Annotator "Safarli,E"]
[PlyCount "141"]
[EventDate "2012.10.21"]
[EventType "tourn"]
[EventRounds "6"]
[EventCountry "NED"]
[EventCategory "18"]
[SourceTitle "CBM 151"]
[Source "ChessBase"]
[SourceDate "2012.11.13"]
[SourceVersion "1"]
[SourceVersionDate "2012.11.13"]
[SourceQuality "1"]

1. e4 c5 2. Nf3 d6 3. d4 cxd4 4. Qxd4 e5 {Black chose to play 4...e5, but I
don't really like it - because it weakens Black's position.} ({The most normal
and main line is:} 4... Nc6 5. Bb5 Bd7 6. Bxc6 Bxc6 7. Nc3 Nf6 8. Bg5 e6 9.
O-O-O {etc.}) 5. Qd1 Nf6 6. Nc3 (6. Bd3 $5 {was another setup, where White had
a solid and slightly better position} Be7 7. O-O O-O 8. c4 {etc.}) 6... h6 7.
Bc4 Be6 8. Bb3 (8. Bxe6 {would be possible as well, but it seems that after}
fxe6 9. Nh4 Rg8 (9... Kf7 $2 10. f4 $1 exf4 11. e5 $1 Nfd7 12. Qh5+ Kg8 13.
Bxf4 $16) 10. Ng6 Nc6 11. O-O Kf7 12. Nxf8 Rxf8 {Black has a reasonable
position with equal chances.}) 8... Be7 9. O-O O-O 10. Be3 Nc6 11. Qe2 Na5 12.
Rfd1 Qc7 13. Nd5 Nxd5 14. Bxd5 Nc4 15. c3 Rac8 16. Rac1 a6 ({I think} 16... Qa5
$1 {would be strong, with equality.}) 17. b3 Nxe3 18. Qxe3 $14 Bd7 19. Rc2 Kh7
20. Nd2 g6 $6 (20... b5 {was better}) 21. Qa7 $1 Rb8 22. Nc4 $1 f5 ({It's
funny that even after} 22... Bd8 {White can play} 23. Nb6 $1) 23. Qb6 {White
decided to simplify the position.} ({Perhaps Black would find it harder to
defend with a queen on the board after:} 23. Nb6) 23... Rfc8 24. Qxc7 Rxc7 25.
Nb6 Bc6 26. f3 Bg5 27. Nc4 (27. Kf2 {I think it would be better. In this case
White saves the knight. This would have made it harder for Black to defend})
27... b5 $1 28. Bxc6 (28. Nxd6 {leads to a draw after} Rd8 29. c4 $1 Be3+ (
29... Rxd6 $2 30. cxb5 axb5 31. Bg8+ $1 Kxg8 32. Rxd6 $18) 30. Kh1 b4 31. c5
Bxd5 32. Rxd5 Bxc5 33. Rcxc5 Rxc5 34. Rxc5 Rxd6 $11) 28... bxc4 29. Bd5 cxb3
30. axb3 {The position is also good for White. Anyway, Black still has to work
for a draw.} Rb6 31. Kf2 a5 32. Ra1 Rc5 33. Ke2 Kg7 34. Kd3 Rb8 35. Ra4 Bd8 36.
b4 axb4 37. cxb4 Rxc2 38. Kxc2 Bb6 39. Kb3 Kf6 40. Kc4 Ke7 {So, after the
first time control White has some chances to win. However I thought Hikaru
would hold the position without too much difficulty.} 41. h3 Kd7 42. Bf7 fxe4
43. fxe4 Ke7 44. Bd5 Kd7 45. Ra3 Rf8 46. Ra6 Kc7 47. Ra2 g5 48. Rc2 Rf2 49.
Rxf2 Bxf2 50. g4 Be1 51. Be6 d5+ {This is interesting, but I think unnecessary.
} 52. exd5 e4 53. Kd4 Bxb4 54. Kxe4 Kd6 55. Kf5 Ba5 56. Kg6 Bd8 57. Kxh6 Ke5
58. Kg6 Be7 59. Kf7 Bb4 60. Ke8 Kd6 61. Bg8 Bd2 62. Kf8 Ba5 63. Kg7 Ke5 64. Kg6
Bd8 65. Kg7 Be7 66. Kf7 Bb4 67. Kg6 Be7 68. Be6 Bd8 69. Kf7 Kd6 70. Ke8 Ba5 71.
Kf7 1/2-1/2

[Event "Montilla-Moriles"]
[Site "Montilla"]
[Date "1972.09.01"]
[Round "9"]
[White "Hecht, Hans Joachim"]
[Black "Rossolimo, Nicolas"]
[Result "1-0"]
[WhiteElo "2485"]
[BlackElo "2450"]
[Annotator "Soltis,A"]
[PlyCount "43"]
[EventDate "1972.08.24"]
[EventType "tourn"]
[EventRounds "9"]
[EventCountry "ESP"]
[EventCategory "8"]
[SourceTitle "EXT 2021"]
[Source "ChessBase"]
[SourceDate "2020.10.23"]
[SourceVersion "1"]
[SourceVersionDate "2020.10.23"]
[SourceQuality "1"]

1. e4 c5 2. Nf3 d6 3. d4 cxd4 4. Nxd4 Nf6 5. Nc3 a6 6. g3 Bg4 7. f3 Bd7 8. Be3
Nc6 9. Qd2 g6 10. Bc4 ({Es más fuerte} 10. Nd5 {con la amenaza Cxc6/Ab6 y una
clara ventaja posicional después de} Nxd5 11. exd5 {.}) 10... Bg7 11. Bb3 Na5
12. O-O-O Nxb3+ 13. cxb3 $5 Qa5 {[La posición del rey blanco es segura y puede
defender la columna abierta con Tc1.]} 14. Kb1 Rd8 15. h4 h5 16. Rhe1 e5 $2 17.
Nc2 Bc6 18. Qf2 $1 {[Las negras no tienen tiempo para realizar el plan ...d5,
debido a la amenaza mortal con Ab6. ]} Nd7 19. Rxd6 O-O 20. Rxd7 Rxd7 21. Bb6
Rd2 22. Qg1 $1 1-0